| 000 | 01595nam2a2200265 4500 | ||
|---|---|---|---|
| 001 | RU\NLR\BIBL_A\012456696 | ||
| 005 | 20250624040526.0 | ||
| 010 | _a978-5-906192-26-4 | ||
| 010 |
_a978-5-906192-66-0 _b19 _9300 |
||
| 035 | _a(NLR Aleph) 012456696 | ||
| 090 |
_a12003188 _c12003188 |
||
| 100 | _a20210218d2016 |||y0rusy50 ca | ||
| 101 | 0 | _arus | |
| 102 | _aRU | ||
| 105 | _aac z 000gy | ||
| 200 | 0 | _aТ. 19 | |
| 210 |
_aМосква _cАвтономная некоммерческая организация "Мир Софии" _d2016 |
||
| 215 |
_a726, [7] с. _cил., портр. |
||
| 320 | _aДр. кн. авт. в конце текста | ||
| 327 | 1 | _aСодерж.: циклы: Зеркальце зэка; Второе обращение Шекспира; Ночной госпиталь; Колесница миллиона добрых очей | |
| 461 | 0 |
_1001RU\NLR\bibl\1275245 _12001#$aПоэзия Грааля$fБлаженный Иоанн$vТ. 19 _1700#1$aБереславский$bВ. Я.$gВениамин Яковлевич$f1946-$cэзотерик, контактер, писатель$3RU\NLR\AUTH\770160311$4070 _9379465 _aБереславский, В. Я. (эзотерик, контактер, писатель ; 1946-) _cМосква _d2007 _fБлаженный Иоанн _nМестная религиозная организация Община Православной Церкви Божией Матери Державная _tПоэзия Грааля _vТ. 19 |
|
| 942 | _cBOOK | ||
| 980 | _aNB | ||